000 00288nam a2200121Ia 4500
008 190216s9999||||xx |||||||||||||| ||und||
100 _aBanjammin Higgins
245 0 _aEconomic Development
260 _bVikas Publishing House
_c1988
300 _a803p
650 _aEconomics
942 _cBK
999 _c9239
_d9239